Normal view
MARC view
- Frenzel, Louis E.
Entry Personal Name
001 - CONTROL NUMBER
- control field: 10004
003 - CONTROL NUMBER IDENTIFIER
- control field: NUST
005 - DATE AND TIME OF LATEST TRANSACTION
- control field: 20180223045025.0
008 - FIXED-LENGTH DATA ELEMENTS
- fixed length control field: 180223|| aca||aabn | a|a d
040 ## - CATALOGING SOURCE
- Original cataloging agency: NUST
- Transcribing agency: NUST
100 ## - HEADING--PERSONAL NAME
- Personal name: Frenzel, Louis E.
670 ## - SOURCE DATA FOUND
- Source citation: Work cat.: (NUST): Frenzel, Louis E., Principle of Electronic Communication Systems\, 2016.
